000 02220cam a2200229 4500500
005 20260329020902.0
041 _afre
042 _adc
100 1 0 _aGarcía Rodríguez, Marta
_eauthor
245 0 0 _aEncapsular la filosofía en la academia : relato de un ascenso social y una caída epistémica
260 _c2024.
500 _a75
520 _aEn las últimas décadas, la filosofía se ha entregado a la metafilosofía. Independientemente de la relevancia teórica que tiene el hecho de que la filosofía se convierta sí misma en su principal objeto de estudio, resulta de gran interés rastrear el contexto social en el que emerge esta tendencia : la academia. Con el objetivo de arrojar luz sobre las razones y las motivaciones de esta desviación, el presente artículo analiza los orígenes de la Filosofía como Facultad Mayor a través de la reforma de la universidad alemana llevada a cabo por Wilhelm von Humboldt. Atendiendo al análisis socio-histórico, se defiende que el cuestionamiento metafilosófico contemporáneo puede entenderse como una consecuencia endógena de la especialización del conocimiento y del desarrollo de la filosofía profesional.
520 _aIn the past decades, philosophy has devoted itself to metaphilosophical concerns. Despite the theoretical relevance of philosophy turning its own activity into its main subject matter, it is of great interest to track the social context in which this trend emerges: academia. In order to shed light over the reasons and motivations for this deviation, this paper analyses the foundation of Philosophy as a High Faculty through the Humboldt reform of the German University. Following a social and historical analysis, it states that the contemporary metaphilosophical questioning can be understood as an endogenous consequence of the specialization of knowledge and the development of professional philosophy.
690 _aacademic philosophy
690 _aHumboldt
690 _aKant
690 _ametaphilosophy
690 _auniversity
786 0 _nAraucaria | 55 | 1 | 2024-08-12 | p. 105-127 | 1575-6823
856 4 1 _uhttps://shs.cairn.info/revista-araucaria-2024-1-page-105?lang=es&redirect-ssocas=7080
999 _c1908540
_d1908540